[Event "17th Belgrade Trophy"]
[Site "Obrenovac SCG"]
[Date "2004.11.28"]
[Round "7"]
[White "Brenjo,S"]
[Black "Nestorovic,De"]
[Result "1/2-1/2"]
[WhiteElo "2476"]
[BlackElo "2416"]

1.e4 c5 2.Nf3 e6 3.d4 cxd4 4.Nxd4 a6 5.Nc3 Qc7 6.g3 Nf6 7.Bg2 d6 8.O-O Be7
9.f4 Nc6 10.Kh1 O-O 11.a4 Bd7 12.Nb3 b6 13.g4 Bc8 14.g5 Nd7 15.f5 Re8 16.f6 Bf8
17.fxg7 Bxg7 18.Ne2 Nce5 19.Nf4 Kh8 20.Nh5 Rg8 21.Nd4 Bb7 22.Ra3 Bf8 23.Rh3 Be7
24.Nf4 Nf8 25.g6 fxg6 26.Nfxe6 Nxe6 27.Nxe6 Qd7 28.Ng5 Rg7 29.Qd4 Rf8 30.Rxf8+ Bxf8
31.Qxb6 Qxa4 32.Qd8 Kg8 33.Rxh7 Rxh7 34.Nxh7 Kxh7 35.Qxf8 Bxe4 36.Qe7+ Kg8
37.Qe6+ Kg7 38.Qe7+  1/2-1/2

[Event "Lushki B"]
[Site "Serpukhov RUS"]
[Date "2004.11.28"]
[Round "13"]
[White "Rodchenkov,S"]
[Black "Simantsev,M"]
[Result "1/2-1/2"]
[WhiteElo "2382"]
[BlackElo "2402"]

1.e4 c5 2.Nf3 e6 3.d4 cxd4 4.Nxd4 a6 5.Nc3 b5 6.Bd3 Qb6 7.Nb3 d6 8.O-O Nf6
9.a4 b4 10.a5 Qc7 11.Na4 Nbd7 12.f4 Bb7 13.Qe1 d5 14.e5 Ne4 15.Be3 Be7 16.Nb6 Rb8
17.Nxd7 Qxd7 18.Qe2 Qc8  1/2-1/2

[Event "Lushki A"]
[Site "Serpukhov RUS"]
[Date "2004.11.29"]
[Round "14"]
[White "Ostrovskiy,A"]
[Black "Isajevsky,A"]
[Result "1-0"]
[WhiteElo "2297"]
[BlackElo "2432"]

1.e4 c5 2.Nc3 e6 3.Nf3 a6 4.d4 cxd4 5.Nxd4 d6 6.g3 Nf6 7.Bg2 Be7 8.O-O O-O
9.a4 Bd7 10.a5 Nc6 11.Nb3 b6 12.axb6 Qxb6 13.Be3 Qc7 14.f4 Rfe8 15.g4 Bc8
16.e5 dxe5 17.Nb5 axb5 18.Rxa8 exf4 19.Bxf4 Qb7 20.Ra1 e5 21.Be3 Bxg4 22.Qe1 Qc8
23.Qc3 Bd7 24.Bc5 Bd8 25.Rad1 e4 26.Bd6 Bg4 27.Rde1 Qd7 28.Bc5 Nd5 29.Qd2 f5
30.h3 Bh5 31.Qf2 g6 32.Qd2 Bh4 33.Bf2 Bf6 34.Nc5 Qf7 35.Nxe4 fxe4 36.Bxe4 Rxe4
37.Rxe4 Bf3 38.Ree1 Be5 39.Bc5 Qf5 40.Qh6 Bg7 41.Re8+ Kf7 42.Rf8+ Bxf8 43.Qxf8+ Ke6
44.Qxf5+ gxf5 45.Rxf3 f4 46.Kf2 Kf5 47.Ra3 Nf6 48.Kg2 Ne4 49.Bf2 Ne5 50.Ra5 f3+
51.Kf1 Nd6 52.b3 Kf4 53.Ra8 h5 54.Rf8+ Nef7 55.Bc5  1-0

[Event "Lushki B"]
[Site "Serpukhov RUS"]
[Date "2004.11.29"]
[Round "15"]
[White "Kleiman,B"]
[Black "Simantsev,M"]
[Result "0-1"]
[WhiteElo "2316"]
[BlackElo "2402"]

1.e4 c5 2.Nf3 e6 3.d4 cxd4 4.Nxd4 a6 5.Nc3 b5 6.Bd3 Qb6 7.Nb3 Qc7 8.O-O Nf6
9.Qe2 d6 10.f4 Nbd7 11.Bd2 Be7 12.Rae1 b4 13.Nd1 O-O 14.Kh1 a5 15.e5 Nd5
16.Nf2 Bb7 17.Ng4 a4 18.Nd4 Nc5 19.Nb5 Qb6 20.Nxd6 Bxd6 21.exd6 Nxd3 22.cxd3 Qxd6
23.f5 exf5 24.Rxf5 f6 25.Rff1 Rac8 26.Rc1 Rfe8 27.Qf3 Rxc1 28.Rxc1 Ba8 29.Qf2 h5
30.Ne3 Nxe3 31.Bxe3 Qxd3 32.Re1 Bd5 33.Qd2 Qe4 34.a3 Rc8 35.Rg1 Rc2 36.Qd4 bxa3
37.bxa3 Qxd4 38.Bxd4 h4 39.h3 Rd2 40.Bc5 g5 41.Bb4 Rc2 42.Kh2 Kf7 43.Bd6 Kg6
44.Bb4 f5 45.Kh1 f4  0-1

[Event "17th Belgrade Trophy"]
[Site "Obrenovac SCG"]
[Date "2004.11.30"]
[Round "9"]
[White "Ardelean,G"]
[Black "Nestorovic,De"]
[Result "1-0"]
[WhiteElo "2461"]
[BlackElo "2416"]

1.e4 c5 2.Nf3 e6 3.Nc3 a6 4.d4 cxd4 5.Nxd4 Qc7 6.g4 b5 7.Bg2 Bb7 8.Qe2 Bb4
9.Bd2 Nc6 10.Nxc6 Bxc6 11.O-O-O Rc8 12.Kb1 Bd6 13.Bc1 Bf4 14.Nd5 Bxd5 15.exd5 Bxc1
16.Rxc1 Ne7 17.Qd2 Ng6 18.Rhf1 Qf4 19.Qa5 Qxg4 20.dxe6 Qxg2 21.exd7+ Kxd7
22.Rcd1+ Ke8 23.Rfe1+ Ne7 24.Qb4 Qb7 25.Rd3 h5 26.Qd4 f6 27.Qd6 h4 28.Rxe7+ Qxe7
29.Re3 Qxe3 30.fxe3 Rd8 31.Qe6+ Kf8 32.b4 Rh5 33.Qxa6 Kg8 34.Qe6+ Kh7 35.Qg4 Rdd5
36.Kb2 h3 37.a4 bxa4 38.Ka3 Rdg5 39.Qe4+ f5 40.Qe8 Rh4 41.Qd8 Rgg4 42.b5 Rc4
43.Qd3 g6 44.b6 Rb4 45.Qd6 Rbc4 46.Qe7+ Kh6 47.Qxh4+ Rxh4 48.b7 Rc4 49.b8=Q Rxc2
50.Kxa4 Rc4+ 51.Kb5 Re4 52.Qh8+ Kg5 53.Qxh3 f4 54.Qg2+ Kf5 55.exf4 Rxf4 56.Kc5 g5
57.h3 Kg6 58.Qa8 Rf5+ 59.Kd6 Rf6+ 60.Ke7 Rf7+ 61.Ke8 Rf4 62.Qb7 Rf6 63.Qe4+ Kh6
64.h4 gxh4 65.Qxh4+ Kg6 66.Qg4+ Kh7 67.Ke7 Rg6 68.Qh4+ Kg7 69.Qh5 Rh6 70.Qe5+ Kh7
71.Kf7  1-0

[Event "Open"]
[Site "Porec HUN"]
[Date "2004.12.03"]
[Round "3"]
[White "Paljusaj,E"]
[Black "Pahor,A"]
[Result "1-0"]
[WhiteElo "2216"]
[BlackElo "2063"]

1.e4 c5 2.Nf3 a6 3.Nc3 e6 4.d4 cxd4 5.Nxd4 b5 6.g3 Bb7 7.Bg2 Qc7 8.O-O d6
9.Re1 Nf6 10.a4 bxa4 11.Nd5 Nxd5 12.exd5 e5 13.Ra3 Be7 14.Rc3 Qd7 15.Ne6 fxe6
16.dxe6 Qb5 17.Rc7 Nc6 18.Qf3 Rf8 19.Qc3 Rxf2 20.Bxc6+ Bxc6 21.Rxc6 Rf6 22.Rc8+ Rxc8
23.Qxc8+ Bd8 24.Be3 Ke7 25.c4 Qe8 26.c5 Rxe6 27.cxd6+ Kf7 28.d7 Qe7 29.Bc5 Qg5
30.Be3 Qe7 31.Rd1 h6 32.Qc4 Kg8 33.Bc5 Qf7 34.Qd5 Kh7 35.Qa8 Qf6 36.Rf1 Qg5
37.Qe4+ Rg6 38.Kg2 Qd2+ 39.Rf2 Qxd7 40.Be3 Qc6 41.Qxc6 Rxc6 42.h4 Bf6 43.Kh3 Rd6
44.Re2 Rd3 45.Kg4 Rb3 46.Bc1 Rb4+ 47.Kf5 Rc4 48.Be3 Rc6 49.h5 Rc7 50.Rd2 Rb7
51.g4 Rb3 52.Ke4 Rb4+ 53.Kf5 Rb3 54.Ke4 Kg8 55.Rd6 Rxb2 56.Rxa6 Rb4+ 57.Kf5 Rb8
58.Rxa4 Kf7 59.Ra7+ Ke8 60.Bxh6 Rb4 61.Bxg7 Rf4+ 62.Ke6 Bg5 63.Ra8+ Bd8 64.g5 Rc4
65.Bf6  1-0

[Event "It Chiburdanidze"]
[Site "Tblisi GEO"]
[Date "2004.12.03"]
[Round "1"]
[White "Khukhashvili,S"]
[Black "Charkhalashvili,I"]
[Result "0-1"]
[WhiteElo "2256"]
[BlackElo "2278"]

1.e4 c5 2.Nf3 e6 3.d4 cxd4 4.Nxd4 a6 5.Nc3 Qc7 6.g3 Bb4 7.Ne2 b5 8.Bg2 Nc6
9.O-O Nf6 10.Bf4 Qa7 11.Bd6 Bxd6 12.Qxd6 Qb8 13.Rfd1 Qxd6 14.Rxd6 Ke7 15.Rad1 Ra7
16.b3 Rc7 17.h3 g5 18.R6d2 Bb7 19.a4 bxa4 20.Nxa4 Ne5 21.f4 gxf4 22.gxf4 Ng6
23.e5 Nd5 24.Bxd5 Bxd5 25.Rxd5 exd5 26.Nb6 Rxc2 27.Nd4 Rhc8 28.Nxd5+ Kf8
29.Nxc2 Rxc2 30.Rd3 a5 31.Rg3 Rd2 32.Nf6 Ke7 33.Ng8+ Kd8 34.Rf3 Rd4 35.Nh6 Rxf4
36.Nxf7+ Ke7 37.Ng5 h6 38.Rxf4 Nxf4 39.Nf3 Nxh3+ 40.Kh2 Nf4 41.Nd4 Ne6 42.Nf5+ Kd8
43.Nxh6 Nd4 44.Kg3 Nxb3 45.Nf7+ Kc7 46.Nd6 Kc6 47.Kf4 a4 48.Nc4 Kc5 49.Na3 Kb4
50.Nc2+ Kc3 51.Na3 Nc5 52.Nb5+ Kb4  0-1

[Event "TCh-SLO"]
[Site "Celje SLO"]
[Date "2004.12.04"]
[Round "8"]
[White "Sakelsek,T"]
[Black "Justin,M"]
[Result "*"]
[WhiteElo "2425"]
[BlackElo "2372"]

1.e4 c5 2.Nf3 e6 3.Nc3 a6 4.d4 cxd4 5.Nxd4 d6 6.Be3 b5 7.f3 Bb7 8.Qd2 Nd7
9.O-O-O Rc8 10.Kb1 Nb6 11.Qe1 Nf6 12.Bd3 Nfd7 13.g4 b4 14.Nce2 d5 15.exd5 Nxd5
16.Bc1 Qb6 17.g5 g6 18.Be4 Bg7 19.h4 Rc4 20.Qg1 O-O 21.h5 Rfc8 22.hxg6 hxg6
23.Qh2 Nf8 24.Bxd5 Bxd5 25.Bf4 Nd7 26.Bd6 f5 27.Qh7+ Kf7 28.Nf4 Qxd6 29.Qxg6+ Kf8
30.Ndxe6+ Qxe6 31.Nxe6+ Bxe6 32.Rxd7 Bxd7 33.Rh7  *

[Event "TCh-SWE Elitserien 2004-5"]
[Site "Stockholm/Eksjo SWE"]
[Date "2004.12.04"]
[Round "4"]
[White "Olsson,An"]
[Black "Akesson,R"]
[Result "1-0"]
[WhiteElo "2416"]
[BlackElo "2472"]

1.e4 c5 2.Nf3 e6 3.d4 cxd4 4.Nxd4 a6 5.Nc3 b5 6.g3 Bb7 7.Bg2 Nc6 8.O-O Nxd4
9.Qxd4 Ne7 10.Bf4 Nc6 11.Qd2 d6 12.Rfd1 Ne5 13.a4 Nc4 14.Qe2 Nxb2 15.Rdb1 Qc8
16.Rxb2 Qxc3 17.Rab1 Be7 18.axb5 O-O 19.Rb3 Qa5 20.c4 Rfc8 21.e5 Bxg2 22.Kxg2 dxe5
23.b6 exf4 24.b7 Qc5 25.bxa8=Q Rxa8 26.Rb8+ Rxb8 27.Rxb8+ Bf8 28.Qe4 fxg3
29.hxg3 a5 30.Qa8 g5 31.Rc8 Qe7 32.c5 Kg7 33.c6 Qc5 34.c7  1-0

[Event "TCh-SWE Elitserien 2004-5"]
[Site "Stockholm/Eksjo SWE"]
[Date "2004.12.04"]
[Round "4"]
[White "Backelin,R"]
[Black "Cramling,D"]
[Result "1-0"]
[WhiteElo "2304"]
[BlackElo "2425"]

1.e4 c5 2.Nf3 e6 3.Nc3 a6 4.d4 cxd4 5.Nxd4 d6 6.g3 Nc6 7.Bg2 Bd7 8.O-O Be7
9.Nce2 Qc7 10.b3 Nf6 11.a4 O-O 12.Bb2 Rab8 13.c4 Nxd4 14.Nxd4 b5 15.cxb5 axb5
16.a5 d5 17.exd5 Nxd5 18.Qh5 b4 19.Bxd5 exd5 20.Nf5 Bxf5 21.Qxf5 Rb5 22.Rfc1 Qa7
23.a6 Ra8 24.Qd3 Qd7 25.Rc7 Qxc7 26.Qxb5 Qc5 27.Qb7 Ra7 28.Qb8+ Bf8 29.Rc1 Qe7
30.Bd4 Rxa6 31.Bc5  1-0

[Event "Extraliga CZE 2004-5"]
[Site "Czech Rep CZE"]
[Date "2004.12.05"]
[Round "4"]
[White "Antoniewski,R"]
[Black "Londyn,R"]
[Result "1-0"]
[WhiteElo "2480"]
[BlackElo "2304"]

1.e4 c5 2.Nc3 e6 3.Nf3 a6 4.d4 cxd4 5.Nxd4 Qc7 6.Bd3 Nc6 7.Nxc6 dxc6 8.O-O Nf6
9.Be3 e5 10.Na4 Nd7 11.c4 b5 12.cxb5 axb5 13.Nc3 Bc5 14.Rc1 Qb6 15.Nxb5 cxb5
16.Rxc5 Nxc5 17.b4 Be6 18.Bxc5 Qa6 19.a4 Qxa4 20.Bc2 Qa6 21.Qh5 Bc4 22.Qxe5+ Qe6
23.Qxg7 O-O-O 24.Re1 Rhg8 25.Qc3 Kb7 26.g3 Ra8 27.Qf3 Rgd8 28.e5+ Bd5 29.Be4 Qc6
30.Bxd5 Qxd5 31.Qh5 Kc6 32.Qh6+ Qe6 33.Qxh7 Rh8 34.Qe4+ Qd5 35.e6 fxe6 36.Qxe6+ Qxe6
37.Rxe6+ Kd5 38.Rd6+ Ke4 39.Kg2 Rhd8 40.Rf6 Ra1 41.Rf4+ Ke5 42.Be7  1-0

[Event "TCh-SWE Elitserien 2004-5"]
[Site "Stockholm/Eksjo SWE"]
[Date "2004.12.05"]
[Round "5"]
[White "Svensk,I"]
[Black "Winge,S"]
[Result "1-0"]
[WhiteElo "2295"]
[BlackElo "2285"]

1.e4 c5 2.Nf3 e6 3.d4 cxd4 4.Nxd4 a6 5.Nc3 Qc7 6.g3 b5 7.Bg2 Bb7 8.O-O Nc6
9.Re1 Nxd4 10.Qxd4 f6 11.Qd3 Rc8 12.Bf4 Qc4 13.Qd2 Bb4 14.Rad1 Qc6 15.Re3 g5
16.Bxg5 Bc5 17.Rd3 fxg5 18.Qxg5 Ne7 19.Bf3 Ng6 20.Bh5 Rg8 21.Qh6 Kd8 22.Qxh7 Ne7
23.Bf7 Rf8 24.Qg7 Kc7 25.Qe5+ Kb6 26.Rd6 Rxf7 27.Rxc6+ Bxc6 28.Rd2 Rcf8 29.Nd1 Ng6
30.Qg5 Bxe4 31.b4 Be7 32.Qe3+ Kc7 33.Qxe4 Bd6 34.Qxg6 Bxb4 35.c3 Bc5 36.Kg2 Rf6  1-0

[Event "Asian Women"]
[Site "Beirut LIB"]
[Date "2004.12.07"]
[Round "4"]
[White "Wang Yu1"]
[Black "Sachdev,T"]
[Result "1/2-1/2"]
[WhiteElo "2392"]
[BlackElo "2256"]

1.e4 c5 2.Nc3 e6 3.Nf3 a6 4.d4 cxd4 5.Nxd4 Qc7 6.Bd3 Nf6 7.f4 d6 8.Qe2 Nbd7
9.g4 Nc5 10.g5 Nfd7 11.Bd2 b5 12.b4 Nxd3+ 13.cxd3 Nb6 14.Rc1 Qd7 15.Nb3 Be7
16.Qf2 Rb8 17.O-O O-O 18.a3 f6 19.Be3 Na4 20.gxf6 Bxf6 21.Nxa4 bxa4 22.Na5 Qb5
23.d4 Bd7 24.e5 Be7 25.Rc3 Rbc8 26.Rfc1 Rxc3 27.Rxc3 Rc8 28.Rxc8+ Bxc8 29.Qc2 Bd7
30.Qc4 d5 31.Qxb5 axb5 32.Kf2 Kf7 33.Nb7  1/2-1/2

[Event "Bykova Mem"]
[Site "Vladimir RUS"]
[Date "2004.12.07"]
[Round "1"]
[White "Komiagina,M"]
[Black "Burtasova,A"]
[Result "1-0"]
[WhiteElo "2312"]
[BlackElo "2273"]

1.e4 c5 2.Nf3 e6 3.d4 cxd4 4.Nxd4 a6 5.Nc3 b5 6.Bd3 d6 7.Qe2 Nf6 8.a4 b4
9.Na2 e5 10.Nb3 Qb6 11.Be3 Qb7 12.Na5 Qc7 13.Nc4 Nbd7 14.Nxb4 Bb7 15.a5 Bxe4
16.Bxe4 Nxe4 17.Nb6 Rd8 18.Nxa6 Qb7 19.Qb5 Be7 20.Nd5 Qxb5 21.Nac7+ Kf8 22.Nxb5 f5
23.f3 Nef6 24.Ndc7 Kf7 25.a6 d5 26.a7 d4 27.Bd2 Nb6 28.Ra6 Nfd5 29.Ba5 Nxc7
30.Nxc7 Na8 31.Nxa8 Rxa8 32.Bb6 Rhc8 33.Kd2 Rc6 34.Rha1 Bf6 35.R1a5 e4 36.Bc5 Rcc8
37.Rb5 Bg5+ 38.Ke2 Rc7 39.b4 Be7 40.Rb8 Bxc5 41.Rxa8 Bxb4 42.Ra2 Bc5 43.Rf8+  1-0

[Event "It Chiburdanidze"]
[Site "Tblisi GEO"]
[Date "2004.12.08"]
[Round "6"]
[White "Khukhashvili,S"]
[Black "Khurtsidze,N"]
[Result "1/2-1/2"]
[WhiteElo "2256"]
[BlackElo "2399"]

1.e4 c5 2.Nf3 e6 3.d4 cxd4 4.Nxd4 a6 5.Nc3 Be7 6.g3 Bb4 7.Bd2 Nc6 8.Nb3 Nf6
9.Bg2 Be7 10.O-O O-O 11.f4 d6 12.a4 b6 13.g4 Bb7 14.g5 Nd7 15.Rf3 Re8 16.Kh1 Nb4
17.Rh3 g6 18.Rc1 Bf8 19.Be3 Bg7 20.Qe1 f5 21.gxf6 Nxf6 22.Qh4 Rb8 23.Nd2 Ba8
24.f5 exf5 25.exf5 Bf8 26.Nf3 Bc6 27.Kg1 Nbd5 28.Nxd5 Bxd5  1/2-1/2

[Event "Open"]
[Site "Ashdod ISR"]
[Date "2004.12.09"]
[Round "1"]
[White "Karasik,E"]
[Black "Postny,E"]
[Result "0-1"]
[WhiteElo "2215"]
[BlackElo "2563"]

1.e4 c5 2.Nf3 e6 3.d4 cxd4 4.Nxd4 a6 5.Nc3 d6 6.Bc4 Nc6 7.a3 Nge7 8.Be3 Nxd4
9.Qxd4 b5 10.Ba2 Nc6 11.Qd2 Be7 12.O-O O-O 13.Rad1 Qc7 14.f4 Rb8 15.Ne2 b4
16.axb4 Rxb4 17.c3 Rxe4 18.Bb1 Rxe3 19.Qxe3 g6 20.Kh1 Na5 21.Ng3 d5 22.f5 exf5
23.Qh6 Bf6 24.Nh5 Be5 25.Rxd5 Be6 26.Rd3 Rd8 27.Qg5 Rxd3 28.Bxd3 Qd6 29.Be2 Qb6
30.Rd1 Nb7 31.Nf6+ Kg7 32.Nh5+ Kf8 33.Bxa6 Nd6 34.Be2 gxh5 35.b4 Ke8 36.Bf3 Bxc3
37.Qxh5 Ne4 38.Bxe4 fxe4 39.Qxh7 e3 40.Qe4 Bd2 41.Ra1 Qxb4 42.Qa8+ Ke7 43.Qa7+ Kf6
44.Rf1+ Kg7 45.Qa1+ Qc3 46.Qd1 Qd3 47.Qf3 Qg6 48.Ra1 Qg4 49.Kg1 Qxf3 50.gxf3 Bh3
51.f4 Bc3 52.Ra2 Bd2 53.Ra1 Kg6 54.Ra6+ f6 55.Ra1 e2 56.Kf2 e1=Q+ 57.Rxe1 Bxe1+
58.Kxe1 Kf5 59.Kf2 Kxf4  0-1

[Event "XII It"]
[Site "Solin-Split CRO"]
[Date "2004.12.09"]
[Round "6"]
[White "Brkic,A"]
[Black "Ljubicic,F"]
[Result "1-0"]
[WhiteElo "2454"]
[BlackElo "2395"]

1.e4 c5 2.Nf3 e6 3.d4 cxd4 4.Nxd4 a6 5.Nc3 Qc7 6.Be2 b5 7.O-O Bb7 8.Re1 Nc6
9.Nxc6 dxc6 10.e5 Rd8 11.Bd3 c5 12.Qg4 h5 13.Qe2 Ne7 14.Bg5 Rd4 15.Rad1 Nc6
16.Be4 Be7 17.Bxe7 Kxe7 18.Bxc6 Qxc6 19.f3 Rhd8 20.Ne4 R8d5 21.Nd6 Rxd1 22.Rxd1 Rxd1+
23.Qxd1 Qd5 24.Qxd5 Bxd5 25.a3 g5 26.Kf2 f6 27.Nc8+ Kd7 28.Nd6 Ke7 29.Nc8+ Kf7
30.Nd6+ Ke7 31.Ke3 fxe5 32.Ne4 Bxe4 33.Kxe4 Kd6 34.b4 h4 35.g3 h3 36.g4 c4
37.c3 Kd7 38.Kxe5 Ke7 39.f4 gxf4 40.Kxf4 Kf6 41.Kg3 Kg5 42.Kxh3 Kf4 43.Kh4 e5
44.g5 e4 45.g6 e3 46.g7 e2 47.g8=Q e1=Q+ 48.Qg3+ Qxg3+ 49.hxg3+ Ke3 50.g4 Kd3
51.g5 Kxc3 52.g6 Kb2 53.g7 c3 54.g8=Q c2 55.Qg7+ Kb1 56.Qg6 Kb2 57.Qf6+ Kb1
58.Qxa6 c1=Q 59.Qxb5 Qxa3 60.Qc4 Qa4 61.Kg5 Kb2 62.Qc5 Kb3 63.b5 Qa5 64.Kf5 Ka4
65.Qc4+ Ka3 66.Ke6 Qd8 67.Qc6 Kb4 68.b6 Ka5 69.b7 Qg8+ 70.Kd7 Qf7+ 71.Kc8 Qf8+
72.Kc7 Qe7+ 73.Kb8 Qh4 74.Ka8  1-0

[Event "It Chiburdanidze"]
[Site "Tblisi GEO"]
[Date "2004.12.09"]
[Round "7"]
[White "Tsereteli,T"]
[Black "Javakhishvili,L"]
[Result "1-0"]
[WhiteElo "2292"]
[BlackElo "2423"]

1.e4 c5 2.Nf3 e6 3.d4 cxd4 4.Nxd4 a6 5.Nc3 b5 6.a3 Bb7 7.Bd3 Qb6 8.Nb3 Qc7
9.O-O Nf6 10.Qe2 d6 11.Bf4 Nc6 12.Rad1 Ne5 13.Bg5 Be7 14.Bxf6 gxf6 15.Nd4 h5
16.h3 Nc6 17.Nxc6 Bxc6 18.f4 Qb7 19.f5 Kd7 20.Kh1 Rag8 21.Na2 Ke8 22.Nb4 Bd7
23.c4 a5 24.Nc2 b4 25.axb4 axb4 26.Ne3 Rg5 27.Ra1 Rhg8 28.fxe6 fxe6 29.h4 Rc5
30.b3 Bc6 31.Nd5 Rg4 32.Nxf6+ Bxf6 33.Rxf6 Rxh4+ 34.Kg1 Rg4 35.Rxe6+ Kd7
36.Rh6 Rg7 37.Rxh5 Rxh5 38.Qxh5 Qb6+ 39.c5 dxc5 40.Qf5+ Ke8 41.Qe6+ Re7 42.Ra8+ Bxa8
43.Qxb6  1-0

[Event "Bykova Mem"]
[Site "Vladimir RUS"]
[Date "2004.12.09"]
[Round "3"]
[White "Shukurova,M"]
[Black "Shadrina,T"]
[Result "0-1"]
[WhiteElo "2281"]
[BlackElo "2401"]

1.e4 c5 2.Nf3 e6 3.Nc3 a6 4.d4 cxd4 5.Nxd4 b5 6.Bd3 Bc5 7.Nb3 Be7 8.O-O d6
9.f4 Nd7 10.Be3 Ngf6 11.Bd4 e5 12.Be3 Bb7 13.a3 O-O 14.Qf3 Rc8 15.Rae1 Nb6
16.Bc1 Nc4 17.Ne2 d5 18.Ng3 dxe4 19.Nxe4 Qb6+ 20.Kh1 exf4 21.Qxf4 Nxe4 22.Bxe4 Bd6
23.Qf5 Bxe4 24.Rxe4 Bb8 25.Qh3 Rce8 26.Rg4 Qf6 27.Rg1 Ne5 28.Rf4 Qg6 29.Nd4 Ba7
30.c3 Nd3 31.Rf3 Nxc1 32.Rxc1 Bxd4 33.cxd4 Qe4 34.Qd7 Rd8 35.Qa7 Qxd4 36.Qxd4 Rxd4
37.h3 Rd6 38.Rc7 h5 39.b3 g6 40.a4 bxa4 41.bxa4 Rd4 42.a5 Rd5 43.Ra3 Kg7
44.Ra7 Rd6 45.Rb3 Re8 46.Rf3 Rf8 47.Rb3 h4 48.Kh2 Rd1 49.Rf3 Ra1 50.Rxa6 g5
51.Ra7 Kg6 52.Ra6+ f6 53.Rf2 Kg7 54.Ra7+ Kg6 55.Ra6 Kg7 56.Ra7+ Rf7 57.Ra6 f5
58.g3 hxg3+ 59.Kxg3 Rf6 60.Ra7+ Kg6 61.Re2 Ra3+ 62.Kg2 Rd6 63.Rb2 Kh5 64.Rh7+ Rh6
65.Rxh6+ Kxh6 66.Rb6+ Kh5 67.a6 f4 68.Rf6 Ra2+ 69.Kf3 Rh2 70.Rf8 Rxh3+ 71.Ke4 Ra3
72.Rf6 Kg4 73.Rb6 Kg3  0-1

[Event "UTD GM"]
[Site "Dallas USA"]
[Date "2004.12.10"]
[Round "4"]
[White "Kujovic,M"]
[Black "Simutowe,A"]
[Result "1/2-1/2"]
[WhiteElo "2360"]
[BlackElo "2424"]

1.e4 c5 2.Nf3 e6 3.d4 cxd4 4.Nxd4 a6 5.Nc3 Qc7 6.g3 b5 7.Bg2 Bb7 8.O-O Nf6
9.Re1 d6 10.a4 bxa4 11.Nxa4 Be7 12.Re3 Nfd7 13.Rc3 Qd8 14.Rb3 Qc7 15.Rc3 Qd8
16.Bd2 O-O 17.Rb3 Ra7 18.Qe1 Nc5 19.Nxc5 dxc5 20.Nb5 axb5 21.Rxa7 Qb6 22.Ra1 c4
23.Ba5 Qc6 24.Re3 Na6 25.b3 Bc5 26.Re2 b4 27.bxc4 Bd4 28.Bxb4 Nxb4 29.c3 Nd3
30.Qd2 Bxf2+ 31.Rxf2 Nxf2 32.Qxf2 Qxc4 33.Qd4 Qe2 34.h4 f5 35.Ra7 Rf7 36.Qd8+ Rf8
37.Qd4 e5 38.Qf2 Qxf2+ 39.Kxf2 Bxe4 40.Bxe4 fxe4+ 41.Kg2 Rf3 42.Ra5 Rxc3
43.Rxe5 Rc2+ 44.Kf1 Rc4 45.Kf2 Kf7 46.Ke3 Rc3+ 47.Kf4 Rf3+ 48.Kg4  1/2-1/2

[Event "ch-IND"]
[Site "Visakhapatnam IND"]
[Date "2004.12.11"]
[Round "10"]
[White "Venkatesh,M"]
[Black "Sriram,J"]
[Result "1-0"]
[WhiteElo "2450"]
[BlackElo "2431"]

1.e4 c5 2.Nf3 e6 3.d4 cxd4 4.Nxd4 a6 5.Nc3 b5 6.Bd3 Qb6 7.Nf3 Qc7 8.O-O Nc6
9.Re1 d6 10.Bf4 Ne5 11.Bg3 Nf6 12.Nxe5 dxe5 13.a4 b4 14.Nb1 Bc5 15.Nd2 O-O
16.Nc4 Nd7 17.Qg4 a5 18.Rad1 Ba6 19.Qe2 Bb7 20.Kh1 Rae8 21.Qg4 g6 22.Qh4 Kg7
23.Bf1 Be7 24.Qh3 Bc6 25.b3 Rd8 26.f3 f6 27.f4 exf4 28.Bxf4 Qxf4 29.Qxe6 Rf7
30.Qxc6 Ne5 31.Nxe5 Qxe5 32.Bc4 Bd6 33.g3 Qc3 34.Rf1 Rc7 35.Qd5 Re7 36.Qxa5 Qxc2
37.Rd3 Bc7 38.Qxb4 Rde8 39.Qc3 Qxc3 40.Rxc3 Ba5 41.Rcf3 Rxe4 42.Rxf6 Bc3
43.Ra6 R8e7 44.Ra8 R4e5 45.Rf3 Bd2 46.Raf8 Kh6 47.R3f7 Kg5 48.Kg2 Bb4 49.Rxe7 Rxe7
50.Rb8 Bc3 51.a5 Kf6 52.a6 Rc7 53.Be2 Bd4 54.b4 Ba7 55.Ra8 Ke5 56.b5 Be3
57.Rb8 Ba7 58.b6  1-0

[Event "FSGM December"]
[Site "Budapest HUN"]
[Date "2004.12.12"]
[Round "9"]
[White "Horvath,An"]
[Black "Farago,I"]
[Result "1/2-1/2"]
[WhiteElo "2339"]
[BlackElo "2455"]

1.e4 c5 2.Nf3 e6 3.d4 cxd4 4.Nxd4 a6 5.Nc3 Qc7 6.Be2 Nc6 7.O-O Nf6 8.Be3 Bb4
9.Na4 O-O 10.Nxc6 bxc6 11.Nb6 Rb8 12.Nxc8 Rfxc8 13.Bxa6 Rf8 14.Bd3 Bd6 15.f4 e5
16.f5 Rxb2 17.g4 Qa5 18.Kh1 Bc5 19.Bd2 Bb4 20.Bc1 Rxa2 21.Rxa2 Qxa2 22.g5 Ne8
23.Qg4 d5 24.exd5 Qxd5+ 25.Be4 Qc4 26.Qg2 Nd6 27.Bxc6 Rc8 28.Ba4 Qe4 29.Bb3 Kf8
30.g6 hxg6 31.fxg6 f6 32.Rxf6+ gxf6 33.g7+ Ke7 34.Qxe4 Nxe4 35.g8=Q Rxg8
36.Bxg8 f5 37.Kg2 f4 38.h4 Nf6 39.Bc4 Bd6 40.Bb2 e4 41.Be2 Nd5 42.Bd4 Nb4
43.Bd1 Nc6 44.Bb6 Ne5 45.h5 Kf6 46.Bd4 Kg5 47.Bxe5 Bxe5 48.c4 Bd6 49.Be2 Bf8
50.Bd1 Kf5 51.Be2 Ke5 52.Kf2 Kd4 53.Bf1 Kc3 54.Ke2 Kxc4 55.Bg2 Kd4 56.Bh1 Ke5
57.Bg2 Bh6 58.Bh1 Kf5 59.Bg2  1/2-1/2

[Event "III Pereyra Mem"]
[Site "Mendoza ARG"]
[Date "2004.12.13"]
[Round "5"]
[White "Crosa,M"]
[Black "Flores,Di"]
[Result "1/2-1/2"]
[WhiteElo "2400"]
[BlackElo "2480"]

1.e4 c5 2.Nf3 e6 3.d4 cxd4 4.Nxd4 a6 5.Nc3 Qc7 6.Be3 Bb4 7.Nf3 Nf6 8.Bd3 d5
9.exd5 Nxd5 10.O-O Nxe3 11.fxe3 Nd7 12.Ng5 Nf6 13.Nce4 Be7 14.Nxf6+ gxf6
15.Nf3 Bd7 16.Rb1 f5 17.Kh1 h5 18.Qe2 Rc8 19.Rbd1 h4 20.h3 e5 21.e4 f4 22.b3 b5
23.a4 Rb8 24.axb5 axb5 25.c4 b4 26.c5 Kf8 27.Bc4 Bc6 28.Qb2 f6 29.Bd5 Bb5
30.Rf2 Kg7 31.c6 Ra8 32.Rc2 Ra7 33.Ra1 Ra3 34.Rcc1 f5 35.exf5 Rha8 36.Rab1 Bd3
37.Qf2 Bxb1 38.Rxb1 Ra1 39.Qb2 Rxb1+ 40.Qxb1 e4 41.Qxe4 Qd6 42.Kh2 Bf6 43.Bc4 Kf8
44.Be6 Ra1 45.Bd5 Rd1 46.c7 Qxc7 47.Qe6 Bd4 48.Qg8+ Ke7 49.Qe6+ Kf8 50.Qg8+ Ke7
51.Qe6+ Kf8  1/2-1/2

[Event "Master Open"]
[Site "Singapore SIN"]
[Date "2004.12.14"]
[Round "6"]
[White "Visweswaran,K"]
[Black "Purba,C"]
[Result "0-1"]
[WhiteElo "2297"]
[BlackElo "2181"]

1.e4 c5 2.Nf3 e6 3.Nc3 a6 4.d4 cxd4 5.Nxd4 Qc7 6.Be2 b5 7.O-O Bb7 8.Bf3 Nc6
9.Re1 Ne5 10.Be2 b4 11.Na4 Nf6 12.f4 Ng6 13.e5 Nd5 14.Rf1 Qa5 15.b3 Bc5 16.a3 Ba7
17.Bf3 Nh4 18.Kh1 Nxf3 19.Nxf3 O-O 20.axb4 Qxb4 21.c4 Ne3 22.Qd3 Nxf1 23.Ba3 Qa5
24.Bxf8 Rxf8 25.Rxf1 Bc6 26.Ng5 g6 27.Ne4 f5 28.exf6 Qf5 29.Nac3 d5 30.cxd5 exd5
31.Qxa6 Qd7 32.Rd1 d4 33.Qd3 Qb7 34.Qc4+ Rf7 35.Rxd4 Bxd4 36.Qxd4 h6 37.h4 Qxb3
38.Kh2 Qe6 39.Qd8+ Kh7 40.Qd4 Qg4 41.Qf2 Qe6 42.Qe3 Kg8 43.h5 gxh5 44.Qd4 Qg4
45.Qd8+ Kh7 46.Qd3 Qxf4+ 47.Kg1 Kg8 48.Qd8+ Kh7 49.Qd3 Bxe4 50.Nxe4 Qc1+
51.Kh2 Qc7+ 52.g3 Kh8 53.Qd2 Kh7 54.Nd6 Rxf6 55.Ne8 Qf7 56.Qd3+ Rg6 57.Nd6 Qf2+
58.Kh3 Qg1 59.Qf3 Qa7 60.Qf5 Qe7 61.Ne4 Kg7 62.Nc3 h4 63.Ne4 hxg3 64.Nxg3 Qe6  0-1

[Event "Bykova Mem"]
[Site "Vladimir RUS"]
[Date "2004.12.14"]
[Round "7"]
[White "Dembo,Y"]
[Black "Sharevich,A"]
[Result "1-0"]
[WhiteElo "2396"]
[BlackElo "2266"]

1.e4 c5 2.Nf3 e6 3.d4 cxd4 4.Nxd4 a6 5.Nc3 b5 6.Bd3 Qb6 7.Nb3 Qc7 8.O-O Bb7
9.Qe2 Nf6 10.f4 d6 11.Bd2 Nbd7 12.Rae1 Be7 13.Kh1 O-O 14.e5 Nd5 15.Nxd5 Bxd5
16.Bc3 g6 17.Qg4 Rfe8 18.Re3 Bf8 19.Rh3 Bg7 20.Qh4 h5 21.exd6 Qxd6 22.Rg3 e5
23.f5 e4 24.Be2 Ne5 25.f6 Bc4 26.Bxc4 bxc4 27.Nd2 e3 28.Rxe3 Bh6 29.Nxc4 Nxc4
30.Rxe8+ Rxe8 31.Qxc4 Bg5 32.a4 h4 33.Qg4 Qd5 34.Rd1 Qc5 35.h3 Re6 36.Qf3 Qc7
37.Qa8+ Kh7 38.Rd8  1-0

[Event "Open"]
[Site "Zadar CRO"]
[Date "2004.12.14"]
[Round "2"]
[White "Ljubicic,F"]
[Black "Prlac,V"]
[Result "1-0"]
[WhiteElo "2395"]
[BlackElo "2143"]

1.e4 c5 2.Nf3 e6 3.d4 cxd4 4.Nxd4 a6 5.Nc3 Qc7 6.Be2 Nf6 7.O-O b5 8.Bf3 e5
9.Nf5 d6 10.Bg5 Be6 11.Bxf6 gxf6 12.Nd5 Bxd5 13.Qxd5 Nc6 14.Rfd1 Rd8 15.c3 Na7
16.Bh5 Nc8 17.Qe6+ Qe7 18.Bxf7+  1-0

[Event "III Pereyra Mem"]
[Site "Mendoza ARG"]
[Date "2004.12.15"]
[Round "7"]
[White "Needleman,G"]
[Black "Giardelli,S"]
[Result "1/2-1/2"]
[WhiteElo "2260"]
[BlackElo "2432"]

1.e4 c5 2.Nf3 e6 3.d4 cxd4 4.Nxd4 a6 5.Nc3 Qc7 6.Bd3 Nf6 7.O-O d6 8.a4 g6
9.Bf4 Nbd7 10.Nf3 Bg7 11.Bb5 e5 12.Bxd7+ Bxd7 13.Bg5 Be6 14.Bxf6 Bxf6 15.Nd5 Bxd5
16.Qxd5 O-O 17.c4 a5 18.Rfd1 Ra6 19.b3 Rc6 20.Nd2 Qb6 21.Qd3 Bd8 22.Nf1 Bg5
23.Ra2 Kh8 24.Ng3 Qb4 25.Rb2 Bd8 26.Ne2 Bb6 27.Nc3 Qa3 28.Rbb1 f5 29.exf5 gxf5
30.Nd5 Qc5 31.Qg3 Rcc8 32.Qh4 Rf7 33.Rd2 Rg8 34.Rbd1 Bd8 35.Qh5 Rfg7 36.g3 Rf8
37.Nc3 Rg6 38.Qf3 Bg5 39.Ne4 Qc8 40.Nxg5 Rxg5 41.Rxd6 f4 42.Qd3 Qh3 43.Rd8 Rgg8
44.Rxf8 Rxf8 45.Qd6 Qf5 46.Re1 fxg3 47.Qxe5+ Qxe5 48.Rxe5 gxh2+ 49.Kxh2 Rxf2+
50.Kg3 Rf6 51.Rxa5 Kg7 52.Rb5 b6 53.Kg4 h6 54.a5 bxa5 55.Rxa5 Rc6 56.Kh5 Kf7
57.Rb5 Ke7 58.Rb7+ Kd8 59.Kg4 Kc8 60.Rb5 Rf6 61.Rf5 Rb6 62.Rf3 Kb7 63.Kf4 Kc6
64.Ke4 Kc5 65.Rh3 Kb4 66.Kd5 Rg6 67.Rh5 Kxb3 68.c5 Kb4 69.c6 Kb5 70.c7 Rc6  1/2-1/2

[Event "4th NAO GM"]
[Site "Paris FRA"]
[Date "2004.12.17"]
[Round "3"]
[White "David,Alb"]
[Black "Marzolo,C"]
[Result "1-0"]
[WhiteElo "2573"]
[BlackElo "2437"]

1.e4 c5 2.Nf3 e6 3.d4 cxd4 4.Nxd4 a6 5.Nc3 b5 6.Bd3 Qb6 7.Nf3 Qc7 8.O-O Bb7
9.Bd2 Nf6 10.Qe2 Nc6 11.e5 Ng4 12.Bf4 f5 13.Bxf5 exf5 14.Nd5 Qa5 15.e6 d6
16.e7 Nxe7 17.Rad1 Bxd5 18.Rxd5 Nf6 19.Rxd6 Ne4 20.Re6 Qxa2 21.b3 Rc8 22.Nd4 g6
23.Nxf5 Qxc2 24.Rxe4 Qxe2 25.Nd6+ Kd7 26.Rxe2 Rc5 27.Rd1 Rd5 28.Rxe7+ Bxe7
29.Rxd5 Kc6 30.Rd1 Rd8 31.Rc1+ Kd5 32.Rd1+ Kc6 33.Rc1+ Kd5 34.Nc8 Bf6 35.Kf1 Ke4
36.Be3 Rd3 37.b4 Rb3 38.Nd6+ Kd5 39.Rd1+ Kc6 40.Ne4 Be7 41.Nc5 Rxb4 42.Nxa6 Rc4
43.Nb8+ Kb7 44.Rd7+ Rc7 45.Ke2  1-0